[Event "Leipzig VfB op 21st"]
[Site "Leipzig"]
[Date "2014.03.08"]
[Round "7"]
[White "Didt, Hartmut"]
[Black "Drusba, Wolfgang"]
[Result "1/2-1/2"]
[WhiteElo "1884"]
[BlackElo "1726"]
[PlyCount "68"]
[EventDate "2014.03.04"]
[EventType "tourn"]
[EventRounds "9"]
[EventCountry "GER"]
[SourceTitle "CBM 159 Extra"]
[Source "ChessBase"]
[SourceDate "2014.04.24"]
[SourceVersion "1"]
[SourceVersionDate "2014.04.24"]
[SourceQuality "1"]

1. e4 c5 2. d4 cxd4 3. c3 dxc3 4. Nxc3 e6 5. Bc4 a6 6. Nf3 Nc6 7. 0-0 d6 8. Qe2 Be7 9. Rd1 Bd7 10. Bf4 e5 11. Bg3 Nf6 12. a3 0-0 13. Rac1 Rc8 14. Ba2 Qe8 15. b4 Bg4 16. Rd3 Nd4 17. Qd2 Nxf3+ 18. gxf3 Be6 19. Rd1 h6 20. f4 Bxa2 21. Qxa2 Qc6 22. fxe5 dxe5 23. Bxe5 Nxe4 24. Nd5 Rfe8 25. Nxe7+ Rxe7 26. Rd8+ Rxd8 27. Rxd8+ Kh7 28. Qd5 Qc1+ 29. Kg2 Qc2 30. Bg3 Re6 31. Qf5+ Rg6 32. Qxf7 Rf6 33. Qg8+ Kg6 34. Qe8+ Kh7 1/2-1/2

[Event "Leipzig VfB op 21st"]
[Site "Leipzig"]
[Date "2014.03.06"]
[Round "5"]
[White "Jaehn, Michael"]
[Black "Drusba, Wolfgang"]
[Result "1-0"]
[WhiteElo "1974"]
[BlackElo "1726"]
[PlyCount "115"]
[EventDate "2014.03.04"]
[EventType "tourn"]
[EventRounds "9"]
[EventCountry "GER"]
[SourceTitle "CBM 159 Extra"]
[Source "ChessBase"]
[SourceDate "2014.04.24"]
[SourceVersion "1"]
[SourceVersionDate "2014.04.24"]
[SourceQuality "1"]

1. d4 c5 2. d5 e5 3. e4 d6 4. Nf3 Be7 5. Be2 f5 6. Nc3 Nf6 7. exf5 Bxf5 8. 0-0 0-0 9. Re1 Na6 10. Bd3 Bxd3 11. Qxd3 Nc7 12. Ng5 Qd7 13. a4 a6 14. a5 Rac8 15. f3 h6 16. Nge4 Nce8 17. Nxf6+ Nxf6 18. Ne4 c4 19. Nxf6+ Rxf6 20. Qe4 Qf5 21. Ra4 Qxe4 22. fxe4 Bd8 23. Be3 Rf7 24. Rf1 c3 25. b3 Rd7 26. Rf3 g5 27. g4 Kg7 28. Kf2 Re7 29. Ke2 Rd7 30. Kd3 Re7 31. Bf2 Rd7 32. Ra3 Re7 33. b4 Rf7 34. Rxf7+ Kxf7 35. Rxc3 Rxc3+ 36. Kxc3 Kg6 37. Kb3 h5 38. h3 hxg4 39. hxg4 Kf7 40. c4 Ke7 41. c5 Kd7 42. Kc4 Be7 43. b5 axb5+ 44. Kxb5 dxc5 45. Bxc5 Bd8 46. Ba7 Bc7 47. Be3 Bd8 48. Bd2 Kd6 49. Bb4+ Kd7 50. d6 Ke6 51. Kc5 Kd7 52. Kd5 Bf6 53. Bc3 Bd8 54. Kxe5 b5 55. axb6 Bxb6 56. Kd5 Be3 57. e5 Bf4 58. e6+ 1-0

[Event "Leipzig VfB op 21st"]
[Site "Leipzig"]
[Date "2014.03.05"]
[Round "2"]
[White "Drusba, Wolfgang"]
[Black "Dunne, Paul"]
[Result "0-1"]
[WhiteElo "1726"]
[BlackElo "1907"]
[PlyCount "64"]
[EventDate "2014.03.04"]
[EventType "tourn"]
[EventRounds "9"]
[EventCountry "GER"]
[SourceTitle "CBM 159 Extra"]
[Source "ChessBase"]
[SourceDate "2014.04.24"]
[SourceVersion "1"]
[SourceVersionDate "2014.04.24"]
[SourceQuality "1"]

1. e4 e5 2. d3 Bc5 3. Nf3 Nc6 4. c3 Qe7 5. Be2 Nf6 6. 0-0 d5 7. exd5 Nxd5 8. Nbd2 f5 9. Nb3 Bd6 10. Bg5 Qf7 11. c4 Nf6 12. Nfd2 h6 13. Bxf6 Qxf6 14. c5 Be7 15. Bf3 0-0 16. Bd5+ Kh7 17. a3 a5 18. Rc1 Rd8 19. Qf3 a4 20. Bxc6 bxc6 21. Na1 e4 22. Qf4 Rxd3 23. Nc4 Ba6 24. Rfe1 Bxc4 25. Rxc4 Qe6 26. Rcc1 Bg5 27. Qxc7 Bxc1 28. Rxc1 Rad8 29. Re1 Rd1 30. Qa5 Qc4 31. g3 Qe2 32. Nc2 Rxe1+ 0-1

[Event "Leipzig VfB op 20th"]
[Site "Leipzig"]
[Date "2013.03.07"]
[Round "4"]
[White "Drusba, Wolfgang"]
[Black "Krongraf, Henryk"]
[Result "1-0"]
[WhiteElo "1708"]
[BlackElo "1796"]
[PlyCount "77"]
[EventDate "2013.03.05"]
[EventType "swiss"]
[EventRounds "9"]
[EventCountry "GER"]
[SourceTitle "EXT 2014"]
[Source "ChessBase"]
[SourceDate "2013.11.20"]
[SourceVersion "1"]
[SourceVersionDate "2013.11.20"]
[SourceQuality "1"]

1. e4 d6 2. f4 Nc6 3. Nf3 Nf6 4. d3 Bg4 5. Be2 e5 6. c3 g6 7. 0-0 Bg7 8. Qe1 Nh5 9. h3 Bxf3 10. Rxf3 exf4 11. Bxf4 Nxf4 12. Rxf4 Be5 13. Rf1 Qg5 14. Nd2 Qe3+ 15. Kh1 Bf4 16. Nc4 Qg3 17. Qxg3 Bxg3 18. Rf3 Bh4 19. Raf1 0-0 20. g3 Bg5 21. d4 Rae8 22. Bd3 b5 23. Na3 Rb8 24. Bxb5 Ne7 25. b4 c6 26. Bd3 d5 27. e5 Nc8 28. Nc2 Nb6 29. Be2 Na4 30. c4 Nb6 31. cxd5 Nxd5 32. a3 a5 33. Bc4 axb4 34. Bxd5 cxd5 35. Nxb4 Rb5 36. R1f2 Be7 37. Nc6 Rb1+ 38. Kg2 Bg5 39. h4 1-0

[Event "Leipzig VfB op 20th"]
[Site "Leipzig"]
[Date "2013.03.06"]
[Round "2"]
[White "Baumert, Andre"]
[Black "Drusba, Wolfgang"]
[Result "1-0"]
[WhiteElo "1860"]
[BlackElo "1708"]
[PlyCount "85"]
[EventDate "2013.03.05"]
[EventType "swiss"]
[EventRounds "9"]
[EventCountry "GER"]
[SourceTitle "EXT 2014"]
[Source "ChessBase"]
[SourceDate "2013.11.20"]
[SourceVersion "1"]
[SourceVersionDate "2013.11.20"]
[SourceQuality "1"]

1. c4 e5 2. g3 c6 3. Bg2 d6 4. Nc3 Be6 5. b3 f5 6. d4 exd4 7. Qxd4 Nf6 8. Nf3 Be7 9. Ng5 Bc8 10. 0-0 0-0 11. Rd1 h6 12. Nf3 Be6 13. Bf4 Ne8 14. Rac1 Na6 15. Qe3 Qc8 16. Nd4 Rf6 17. Nxe6 Rxe6 18. Qd3 Rf6 19. h4 Nc5 20. Qb1 Ne6 21. Bd2 Nf8 22. e4 fxe4 23. Nxe4 Rg6 24. h5 Re6 25. Bh3 Qc7 26. Bxe6+ Nxe6 27. Bc3 Ng5 28. Nxg5 Bxg5 29. Bd2 Bf6 30. Qg6 Kh8 31. Re1 Qd7 32. Bxh6 gxh6 33. Qxh6+ Qh7 34. Rxe8+ Rxe8 35. Qxf6+ Kg8 36. Qxd6 Qxh5 37. Kg2 Qg4 38. Qd3 Re7 39. Rh1 Qe6 40. Qd8+ Re8 41. Qg5+ Kf8 42. Rh8+ Kf7 43. Rh7+ 1-0

[Event "Leipzig VfB op 19th"]
[Site "Leipzig"]
[Date "2012.03.10"]
[Round "8"]
[White "Pohl, Gunnar"]
[Black "Drusba, Wolfgang"]
[Result "1/2-1/2"]
[WhiteElo "1919"]
[BlackElo "1685"]
[PlyCount "85"]
[EventDate "2012.03.06"]
[EventType "swiss"]
[EventRounds "9"]
[EventCountry "GER"]
[SourceTitle "CBM 147 Extra"]
[Source "ChessBase"]
[SourceDate "2012.04.24"]
[SourceVersion "1"]
[SourceVersionDate "2012.04.24"]
[SourceQuality "1"]

1. d4 c5 2. dxc5 Qa5+ 3. Nc3 Qxc5 4. e4 e6 5. Be3 Qa5 6. Nf3 a6 7. Be2 Nc6 8. 0-0 Be7 9. Nd2 b5 10. Nb3 Qc7 11. f4 Bb7 12. Bf3 d6 13. Qe1 Nf6 14. Qf2 Nd7 15. Rad1 Bf6 16. Qd2 Be7 17. Kh1 0-0 18. e5 d5 19. Bxd5 Nb6 20. Bxb6 Qxb6 21. Bf3 Rad8 22. Qe2 Ba8 23. Qf2 Qxf2 24. Rxf2 Rxd1+ 25. Nxd1 Nb4 26. Bxa8 Rxa8 27. Nc3 Rd8 28. a3 Na2 29. Rd2 Rxd2 30. Nxd2 Nxc3 31. bxc3 Bxa3 32. c4 Bc1 33. Nb3 Bxf4 34. cxb5 axb5 35. Nd4 b4 36. Nc6 Bd2 37. Kg1 Kf8 38. Kf1 Ke8 39. Ke2 Bc3 40. Kd3 Kd7 41. Nd4 h5 42. Nf3 Ke7 43. Ke4 1/2-1/2

[Event "Leipzig VfB op 18th"]
[Site "Leipzig"]
[Date "2011.03.27"]
[Round "9"]
[White "Halas, Julia"]
[Black "Drusba, Wolfgang"]
[Result "1-0"]
[WhiteElo "1288"]
[BlackElo "1704"]
[PlyCount "61"]
[EventDate "2011.03.20"]
[EventType "swiss"]
[EventRounds "9"]
[EventCountry "GER"]
[SourceTitle "CBM 141 Extra"]
[Source "ChessBase"]
[SourceDate "2011.05.03"]
[SourceVersion "1"]
[SourceVersionDate "2011.05.03"]
[SourceQuality "1"]

1. e4 d6 2. d4 g6 3. Nf3 Bg7 4. Be3 Nf6 5. Nc3 a6 6. Bd3 b5 7. a3 0-0 8. 0-0 Bb7 9. d5 c6 10. Be2 Qc7 11. Rc1 cxd5 12. Nxd5 Nxd5 13. exd5 Bxb2 14. Rb1 Bxa3 15. Bh6 Re8 16. Qd4 f6 17. Bd3 Bc5 18. Qg4 Bc8 19. Qg3 Kf7 20. Qf4 Kg8 21. Qg3 Kf7 22. Qf4 Qd8 23. Ng5+ Kg8 24. Ne6 Qa5 25. Ng7 Rf8 26. Nf5 Rf7 27. Nxe7+ Rxe7 28. Qxf6 Rf7 29. Qg5 Bf5 30. Bxf5 Rxf5 31. Qe7 1-0

[Event "Leipzig VfB op 18th"]
[Site "Leipzig"]
[Date "2011.03.22"]
[Round "1"]
[White "Drusba, Wolfgang"]
[Black "Shahin, Walid"]
[Result "0-1"]
[WhiteElo "1704"]
[BlackElo "2090"]
[PlyCount "56"]
[EventDate "2011.03.20"]
[EventType "swiss"]
[EventRounds "9"]
[EventCountry "GER"]
[SourceTitle "CBM 141 Extra"]
[Source "ChessBase"]
[SourceDate "2011.05.03"]
[SourceVersion "1"]
[SourceVersionDate "2011.05.03"]
[SourceQuality "1"]

1. e4 e6 2. f4 d5 3. e5 c5 4. Nf3 Nc6 5. c3 d4 6. d3 h5 7. Na3 Nh6 8. Bd2 Nf5 9. Nc2 h4 10. c4 a5 11. a3 a4 12. Rb1 Na5 13. Bxa5 Qxa5+ 14. Qd2 Bd7 15. Be2 Bc6 16. Kf2 Be7 17. Qxa5 Rxa5 18. Rhf1 Rg8 19. g3 h3 20. Ng1 g5 21. Nxh3 Rh8 22. Bg4 gxf4 23. Ne1 Ne3 24. Bxe6 fxe6 25. Nxf4 Rxh2+ 26. Kg1 Rh1+ 27. Kf2 Rxf1+ 28. Ke2 Kd7 0-1

[Event "Leipzig VfB op 16th"]
[Site "Leipzig"]
[Date "2009.04.02"]
[Round "4"]
[White "Hoffmann, Steffen"]
[Black "Drusba, Wolfgang"]
[Result "1/2-1/2"]
[WhiteElo "2056"]
[BlackElo "1703"]
[PlyCount "90"]
[EventDate "2009.03.31"]
[EventType "swiss"]
[EventRounds "9"]
[EventCountry "GER"]
[SourceTitle "EXT 2010"]
[Source "ChessBase"]
[SourceDate "2010.11.25"]
[SourceVersion "1"]
[SourceVersionDate "2010.11.25"]
[SourceQuality "1"]

1. d4 c5 2. Nf3 cxd4 3. Nxd4 a6 4. c4 g6 5. g3 Bg7 6. Bg2 Nc6 7. e3 Nf6 8. Nc3 0-0 9. 0-0 Qc7 10. b3 d6 11. Bb2 Bd7 12. Rc1 Rac8 13. Nd5 Qd8 14. Nxc6 Bxc6 15. Nxf6+ Bxf6 16. Bxf6 exf6 17. Qd4 Qe7 18. Rfd1 Bxg2 19. Kxg2 Rfd8 20. h4 f5 21. a4 f6 22. Qd5+ Kg7 23. Qd4 Qc7 24. Qf4 Qc6+ 25. Qf3 Qb6 26. Rd3 Rc7 27. Rcd1 Rcd7 28. Qd5 Qc6 29. R1d2 Kf8 30. Rd4 Ke7 31. h5 Qxd5+ 32. Rxd5 Ke6 33. h6 Rc8 34. Kf3 g5 35. e4 fxe4+ 36. Kxe4 Rc6 37. Re2 Re7 38. Kf3+ Kf7 39. Rxe7+ Kxe7 40. Ke4 Ke6 41. f4 gxf4 42. Kxf4 Rc8 43. Rh5 Kf7 44. Rd5 Ke6 45. Rh5 Kf7 1/2-1/2

[Event "Leipzig VfB op 15th"]
[Site "Leipzig"]
[Date "2008.03.01"]
[Round "7"]
[White "Abromeit, Guenter"]
[Black "Drusba, Wolfgang"]
[Result "1-0"]
[WhiteElo "1880"]
[BlackElo "1558"]
[PlyCount "69"]
[EventDate "2008.02.26"]
[EventType "swiss"]
[EventRounds "9"]
[EventCountry "GER"]
[SourceTitle "CBM 123 Extra"]
[Source "ChessBase"]
[SourceDate "2008.05.06"]
[SourceVersion "1"]
[SourceVersionDate "2008.05.06"]
[SourceQuality "1"]

1. e4 d6 2. d4 Nf6 3. Nc3 g6 4. Nf3 Bg7 5. h3 c5 6. dxc5 Qa5 7. Bd2 Qxc5 8. Bd3 Bd7 9. 0-0 0-0 10. Be3 Qc8 11. Qd2 Nc6 12. Bh6 a6 13. Rfe1 Rd8 14. Bxg7 Kxg7 15. Nd5 Ra7 16. Qe3 Re8 17. c4 Qd8 18. e5 Ng8 19. Nd4 Ra8 20. e6 fxe6 21. Nxe6+ Bxe6 22. Qxe6 Nf6 23. Qe3 Ne5 24. Rad1 b5 25. b3 Rc8 26. Nf4 Qd7 27. cxb5 axb5 28. Qb6 Nxd3 29. Ne6+ Kg8 30. Rxd3 Qc6 31. Qe3 Rb8 32. Qh6 Nh5 33. g4 Rf8 34. gxh5 Rf7 35. hxg6 1-0

[Event "Leipzig VfB op 14th"]
[Site "Leipzig"]
[Date "2007.03.22"]
[Round "5"]
[White "Drusba, Wolfgang"]
[Black "Holz auf der Heide, Gerhard"]
[Result "1-0"]
[WhiteElo "1574"]
[BlackElo "1969"]
[PlyCount "85"]
[EventDate "2007.03.20"]
[EventType "swiss"]
[EventRounds "9"]
[EventCountry "GER"]
[SourceTitle "EXT 2008"]
[Source "ChessBase"]
[SourceDate "2007.11.25"]
[SourceVersion "1"]
[SourceVersionDate "2007.11.25"]
[SourceQuality "1"]

1. e4 c5 2. f4 e6 3. Nf3 Nc6 4. c3 a6 5. Be2 Be7 6. 0-0 Nf6 7. d3 0-0 8. Qe1 b5 9. Kh1 Qc7 10. Bd1 Bb7 11. h3 d5 12. e5 Nd7 13. d4 cxd4 14. cxd4 Nxd4 15. Nc3 Nxf3 16. Bxf3 Rac8 17. Be3 Qb8 18. Ne2 Bc5 19. Nd4 Bxd4 20. Bxd4 Rc4 21. Qe3 Rfc8 22. Be2 R4c6 23. b4 Qc7 24. Bd3 Nb6 25. Bc5 Nd7 26. Bd4 Qd8 27. a3 Nb6 28. Qe2 Nc4 29. Qh5 g6 30. Qe2 Nb6 31. Kh2 Na4 32. Qe1 Nb6 33. h4 Nc4 34. Kh3 Qf8 35. a4 h6 36. Rf3 Nb6 37. f5 Qg7 38. fxg6 R8c7 39. Rf6 Re7 40. Qe3 Nd7 41. gxf7+ Kf8 42. Raf1 Nxf6 43. exf6 1-0

[Event "Leipzig VfB op 14th"]
[Site "Leipzig"]
[Date "2007.03.20"]
[Round "1"]
[White "Drusba, Wolfgang"]
[Black "Marquardt, Alexander"]
[Result "0-1"]
[WhiteElo "1574"]
[BlackElo "2094"]
[PlyCount "82"]
[EventDate "2007.03.20"]
[EventType "swiss"]
[EventRounds "9"]
[EventCountry "GER"]
[SourceTitle "EXT 2008"]
[Source "ChessBase"]
[SourceDate "2007.11.25"]
[SourceVersion "1"]
[SourceVersionDate "2007.11.25"]
[SourceQuality "1"]

1. e4 c5 2. f4 e6 3. Nf3 Nc6 4. c3 d5 5. e5 Nge7 6. d3 Bd7 7. Be2 Nf5 8. 0-0 Qb6 9. Kh1 Be7 10. Na3 0-0 11. Nc2 Rac8 12. Qe1 f6 13. g4 Nh6 14. exf6 gxf6 15. Qh4 Nf7 16. g5 fxg5 17. fxg5 Nfe5 18. Ne3 Ng6 19. Qg3 Qc7 20. Qe1 d4 21. Ng4 e5 22. Nh6+ Kg7 23. Bd2 Nd8 24. Qg3 Bd6 25. Qg2 Ne6 26. Qf2 Bc6 27. Ng4 c4 28. Nf6 cxd3 29. Bxd3 dxc3 30. bxc3 Nc5 31. Bf5 e4 32. Bxc8 Qxc8 33. Qd4 Ne6 34. Qxd6 exf3 35. h4 Rd8 36. Nh5+ Kh8 37. Qg3 Rxd2 38. Rxf3 Rd3 39. Raf1 Bxf3+ 40. Rxf3 Qc6 41. Kg2 Rxf3 0-1

[Event "Leipzig VfB op 13th"]
[Site "Leipzig"]
[Date "2006.03.16"]
[Round "5"]
[White "Drusba, Wolfgang"]
[Black "Winter, Kathrin"]
[Result "1/2-1/2"]
[WhiteElo "1593"]
[BlackElo "1397"]
[PlyCount "126"]
[EventDate "2006.03.14"]
[EventType "swiss"]
[EventRounds "9"]
[EventCountry "GER"]
[SourceTitle "EXT 2008"]
[Source "ChessBase"]
[SourceDate "2007.11.25"]
[SourceVersion "1"]
[SourceVersionDate "2007.11.25"]
[SourceQuality "1"]

1. e4 d5 2. e5 e6 3. f4 c5 4. Nf3 Nc6 5. c3 a6 6. d3 Nge7 7. Be2 g6 8. 0-0 Bg7 9. Be3 b6 10. Bf2 Bb7 11. d4 c4 12. Bh4 Qc7 13. Na3 Nf5 14. Bf2 h5 15. Nc2 Bh6 16. Qd2 0-0-0 17. b4 b5 18. a4 Na7 19. Ra2 Qb6 20. Rfa1 Kd7 21. Bd1 Ra8 22. Ng5 Ke7 23. Ne3 Nxe3 24. Qxe3 Bxg5 25. fxg5 Rhf8 26. h4 Qd8 27. Bg3 Qb6 28. Rf2 Rad8 29. Bc2 bxa4 30. Bxa4 Nb5 31. Qf3 Bc6 32. Bc2 f5 33. exf6+ Kf7 34. Be5 Rd7 35. Bd1 Rh8 36. Qe3 Ra7 37. Rfa2 Qb7 38. Qd2 Qb6 39. Bc2 Rg8 40. Ra5 Qb7 41. Bg3 Qb6 42. Re1 Bd7 43. Raa1 a5 44. bxa5 Rxa5 45. Reb1 Rxa1 46. Rxa1 Qb7 47. Bb1 Bc6 48. Kh2 Ra8 49. Rxa8 Qxa8 50. Qc2 Qg8 51. Qa4 Qc8 52. Qc2 Qg8 53. Be1 Na3 54. Qb2 Nxb1 55. Qxb1 Qe8 56. Qb6 Qd7 57. Bg3 Ba4 58. Bd6 Qe8 59. Qc7+ Qd7 60. Qb8 Qe8 61. Kg3 Qxb8 62. Bxb8 Bd1 63. Kf2 Bg4 1/2-1/2